Statistics for History by Letter #2 - D

Click here to take the quiz!

General Stats

  • This quiz has been taken 339 times
  • The average score is 10 of 20

Answer Stats

Hint Answer % Correct
Biblical King who slew GoliathDavid
96%
English Princess who died in a car crash in ParisPrincess Diana
93%
City where John F. Kennedy was assassinatedDallas
89%
Italian Poet who wrote the Divine ComedyDante Alighieri
79%
Series of rulers from the same familyDynasty
77%
Country that was ruled by kings Canute the Great and Harald BluetoothDenmark
77%
German City that was firebombed by the Allies in WWIIDresden
75%
Site of the most famous Greek OracleDelphi
71%
The oldest continuously inhabited capital city in the worldDamascus
65%
French City from where 300,000 allied troops were evacuated in WWIIDunkirk
64%
Greek God of WineDionysus
58%
Book by Karl Marx about his ideologyDas Kapital
45%
Book that records the Great Survey of 1086 of the English PopulationDomesday Book
43%
Greek equivalent of Ceres, mother of PersephoneDemeter
38%
Roman Emperor who established the TetrarchyDiocletian
24%
West-African Kingdom located in what is now BeninDahomey
16%
Portuguese Explorer, the first known European to round the Cape of Good HopeBartolomeu Dias
9%
Egyptian Pharaoh, buried in a famous step-pyramid at SaqqaraDjoser
7%
Swissman on whose ideas were based the Red Cross and Geneva ConventionsHenry Dunant
6%
Mon Kingdom in what is now Thailand from the 6th to the 13th centuries A.D.Dvaravati
2%

Score Distribution

Percentile by Number Answered

Percent of People with Each Score

Your Score History

You have not taken this quiz